| 000 | 00764nam a2200253Ia 4500 | ||
|---|---|---|---|
| 001 | Para_6343 | ||
| 003 | CHAP | ||
| 008 | 220125s2000 xx 000 0 und d | ||
| 010 | _a204953 | ||
| 040 | _cCHAP | ||
| 082 | _aPA 632.58 C6c 2000 | ||
| 111 |
_aCongreso Nacional de la Ciencia de la Maleza (21:2000: Morelia, Mich.) _9170897 |
||
| 245 |
_aCurso maleza acuática / _c por Asociación Mexicana de la Ciencia de la Maleza |
||
| 260 |
_aMorelia, Mich. : _b La Asociación |
||
| 300 | _a113 h. | ||
| 650 |
_aMalas hierbas acuáticas _x congresos _9165209 |
||
| 901 | _aPA 632.58 C6C 2000 | ||
| 902 | _aA | ||
| 905 | _a0000002000 0000000000 00 | ||
| 910 | _a2000 | ||
| 942 | _cPARA | ||
| 942 |
_cPARA _d1 |
||
| 999 |
_c204953 _d204953 |
||